000 00528nab a2200145Ia 4500
003 ES-SlBCS
005 20210601141250.0
008 140529s1999 xxu||||| |||| 00| 0 spa d
041 _aspa
100 1 _aBoggino, Norberto
_9209310
245 0 0 _aObstáculos en el aprendizaje de las Ciencias Naturales: Indicadores didácticos para prevenir problemas en el aprendizaje
_c Norberto Boggino
650 0 4 _aCiencias Naturales
_998392
773 0 _tEducaçao e Filosofia
_gvol. 13, nº. 25, 1999, págs. 141-154
_wRev1534
942 _cAR
999 _c657928
_d657928